Magnetický záznam obrazu

Gespeichert in:
Bibliographische Detailangaben
Hauptverfasser: Tauš, Gustáv (Verfasst von), Novák, Viktor (Verfasst von)
Format: Buch
Sprache:Tschechisch
Veröffentlicht: Praha : SNTL, 1983
Tags: Tag hinzufügen
Keine Tags, Fügen Sie das erste Tag hinzu!

MARC

LEADER 00000nam a22000003a 4500
001 stu33521
005 20150617225733.3
008 981026s1983------------------------cze-d
040 |a STU  |b slo 
041 0 |a cze 
080 |a 621.397.13 
080 |a 681.846.7 
100 1 |a Tauš, Gustáv  |4 aut 
245 1 |a Magnetický záznam obrazu 
260 |a Praha :  |b SNTL,  |c 1983 
300 |a 269 s 
700 1 |a Novák, Viktor  |4 aut 
996 |b E52144  |c E*52144  |l EE11  |s P  |a 0  |w stu33521_0003 
996 |b 284EK03456  |c E*52034  |l EE01  |s A  |a 24  |w stu33521_0004 
996 |b 284EK06140  |c E*52035  |l EE0101  |s P  |a 0  |w stu33521_0005